Термический анализ твердых соединений, совмещенный с масс-спектрометрией газообразных продуктов разложения; Известия Томского политехнического института [Известия ТПИ]; Т. 199 : Химические реакции с участием твердых веществ

Bibliographic Details
Parent link:Известия Томского политехнического института [Известия ТПИ]/ Томский политехнический институт (ТПИ).— , 1944-1976
Т. 199 : Химические реакции с участием твердых веществ.— 1969.— [С. 50-52]
Main Author: Исаев Р. Н.
Other Authors: Захаров Ю. А. Юрий Александрович, Бордачев В. В.
Summary:Заглавие с титульного листа
Электронная версия печатной публикации
Language:Russian
Published: 1969
Subjects:
Online Access:Черно-белая версия для предварительного просмотра
Цветная версия без потери качества
Format: Electronic Book Chapter
KOHA link:https://koha.lib.tpu.ru/cgi-bin/koha/opac-detail.pl?biblionumber=223392

MARC

LEADER 00000nla2a2200000 4500
001 223392
005 20231031200215.0
035 |a (RuTPU)RU\TPU\book\243642 
035 |a RU\TPU\book\243641 
090 |a 223392 
100 |a 20121010d1969 k y0rusy50 ca 
101 0 |a rus 
102 |a RU 
135 |a drnn ---uucaa 
181 0 |a i  
182 0 |a b 
200 1 |a Термический анализ твердых соединений, совмещенный с масс-спектрометрией газообразных продуктов разложения  |b Электронный ресурс  |f Р. Н. Исаев, Ю. А. Захаров, В. В. Бордачев 
203 |a Текст  |c электронный 
215 |a 2 файла (150 Кб, 4.3 Мб) 
230 |a Электронные текстовые данные (2 файла : 150 Кб, 4.3 Мб) 
300 |a Заглавие с титульного листа 
300 |a Электронная версия печатной публикации 
320 |a [Библиогр.: с. 52 (5 назв.)] 
337 |a Adobe Reader 
461 1 |0 (RuTPU)RU\TPU\book\200995  |t Известия Томского политехнического института [Известия ТПИ]  |f Томский политехнический институт (ТПИ)  |d 1944-1976 
463 1 |0 (RuTPU)RU\TPU\book\243571  |t Т. 199 : Химические реакции с участием твердых веществ  |v [С. 50-52]  |d 1969  |p 160 с. 
610 1 |a электронный ресурс 
610 1 |a труды учёных ТПУ 
700 1 |a Исаев  |b Р. Н. 
701 1 |a Захаров  |b Ю. А.  |c российский химик  |c профессор Томского политехнического университета  |f 1938-  |g Юрий Александрович  |2 stltpush  |3 (RuTPU)RU\TPU\pers\19791 
701 1 |a Бордачев  |b В. В. 
801 1 |a RU  |b 63413507  |c 20090320  |g PSBO 
801 2 |a RU  |b 63413507  |c 20121112  |g PSBO 
856 4 |u http://www.lib.tpu.ru/fulltext/v/Bulletin_TPU/1969/v199/07_bw.pdf  |z Черно-белая версия для предварительного просмотра 
856 4 |u http://www.lib.tpu.ru/fulltext/v/Bulletin_TPU/1969/v199/07_full.pdf  |z Цветная версия без потери качества 
942 |c CF